[Event "Mechanics' Bedjanian TNM; G/2 d/5"]
[Site "San Francisco"]
[Date "2018.11.20"]
[Round "5.4"]
[White "Askin, David"]
[Black "Vickers, Keith"]
[Result "1/2-1/2"]
[WhiteElo "2008"]
[BlackElo "2200"]
[Annotator "Winslow,Elliott"]
[PlyCount "86"]
[EventDate "2018.??.??"]
[Source "ChessBase"]
[SourceDate "2007.09.04"]

1. d4 f5 2. g3 Nf6 3. Bg2 e6 4. c4 d5 5. Nf3 c6 6. O-O Bd6 7. b3 Qe7 8. Bb2 O-O
9. Qc1 {The "Insistent" Variation.} Bd7 10. Ba3 Be8 11. Ne5 Nbd7 12. Nd3 Bh5
13. Re1 Bxa3 14. Qxa3 Qxa3 15. Nxa3 g5 16. Rac1 Bg6 17. f4 h6 18. b4 a6 19. Nb1
Ne4 20. Red1 Bh5 21. Kf1 Nd6 22. Nd2 dxc4 23. Nxc4 Nxc4 24. Rxc4 Nb6 25. Rc2
Nd5 26. Bxd5 exd5 27. Rb1 Rfe8 28. Ne5 gxf4 29. gxf4 Kh7 30. Kf2 Rg8 31. Rg1
Rxg1 32. Kxg1 Rg8+ 33. Kf2 Be8 34. Rc3 Kg7 35. Rg3+ Kf8 36. Rxg8+ Kxg8 37. Kg3
Kg7 38. Kh4 Kf6 39. Nd3 b6 40. Ne5 (40. a4 $5) 40... Ke6 41. Kg3 Kd6 42. Nd3
Bh5 43. Kf2 Be8 1/2-1/2

[Event "Mechanics' Summer TNM; G/2 d/5"]
[Site "San Francisco"]
[Date "2018.06.12"]
[Round "3.7"]
[White "Askin, David Benjamin"]
[Black "Babayan, Gagik"]
[Result "1-0"]
[WhiteElo "1960"]
[BlackElo "1752"]
[PlyCount "91"]
[EventDate "2018.??.??"]
[Source "ChessBase"]
[SourceDate "2007.09.04"]

1. d4 e6 2. c4 d5 3. Nf3 Nf6 4. Nc3 Be7 5. Bg5 O-O 6. e3 b6 7. cxd5 exd5 8. Rc1
h6 9. Bh4 Bg4 10. h3 Bxf3 11. Qxf3 c6 12. Bd3 g5 13. Bg3 Bb4 14. O-O Re8 15.
Be5 Nbd7 16. Qf5 Bf8 17. Ne2 Qe7 18. Bxf6 Nxf6 19. Rxc6 Bg7 20. Ng3 Rad8 21.
Rfc1 Rd7 22. Qf3 Qd8 23. Nf5 Ne4 24. Nxg7 Kxg7 25. Qf5 Rd6 26. Rc8 Qf6 27.
Qxf6+ Nxf6 28. Rxe8 Nxe8 29. Rc8 Nf6 30. Rc7 a5 31. Kf1 h5 32. Ke2 g4 33. hxg4
hxg4 34. Bf5 Ne8 35. Rc8 Nf6 36. g3 Kh6 37. Rc7 Kg7 38. Kd3 Ne8 39. Rc8 Nf6 40.
Rc1 a4 41. Rc7 Ne4 42. Bxe4 dxe4+ 43. Kxe4 Rf6 44. Rc2 Kg6 45. d5 Kg5 46. Rd2
1-0

[Event "Mechanics' Summer TNM; G/2 d/5"]
[Site "San Francisco"]
[Date "2018.05.29"]
[Round "1.15"]
[White "Askin, David Benjamin"]
[Black "Boldi, Nicholas"]
[Result "1-0"]
[WhiteElo "1960"]
[BlackElo "1491"]
[Annotator "Donaldson"]
[PlyCount "91"]
[EventDate "2018.??.??"]
[Source "ChessBase"]
[SourceDate "2007.09.04"]

1. d4 e6 2. c4 d5 3. Nf3 Nf6 4. Nc3 Bb4 5. Bg5 O-O 6. Qb3 Nc6 7. e3 Qe7 8. cxd5
Na5 9. Bxf6 gxf6 10. Qc2 exd5 11. Bd3 h6 12. O-O Bxc3 13. bxc3 Kh8 14. Rfe1 Nc4
15. e4 Qd6 16. Qc1 Kg7 17. Rb1 dxe4 18. Bxe4 c6 19. Nh4 Re8 20. Bd3 Rxe1+ 21.
Qxe1 Nb6 22. Qe4 Be6 23. Qh7+ Kf8 {Diagram [#]} 24. Qxh6+ (24. Rxb6 axb6 25.
Qh8+) (24. Nf5) 24... Ke7 25. Re1 Kd7 26. Bf5 Kc7 27. Qxf6 Nd5 28. Qg7 Bxf5 29.
Nxf5 Qd7 30. Qe5+ Kb6 31. c4 f6 32. c5+ Ka6 33. Qe2+ b5 34. Nd6 Nc3 35. Qd3 Na4
36. Rb1 Rb8 37. Rb4 Ka5 38. Qa3 Qe6 39. Rb1 b4 40. Qd3 Nc3 41. Nc4+ Ka6 42. Ra1
Rd8 43. Nd6+ Nb5 44. a4 Rxd6 45. axb5+ Kb7 46. cxd6 1-0

[Event "Mechanics' Winter TNM; G/2 d5"]
[Site "San Francisco"]
[Date "2018.01.23"]
[Round "3.4"]
[White "Askin, David Benjamin"]
[Black "Chambers, Ezra Paul"]
[Result "0-1"]
[WhiteElo "1983"]
[BlackElo "2258"]
[PlyCount "64"]
[EventDate "2018.??.??"]
[Source "ChessBase"]
[SourceDate "2007.09.04"]

1. d4 g6 2. c4 Bg7 3. Nc3 d6 4. e4 Nc6 5. Nge2 e5 6. d5 Nce7 7. Be3 f5 8. f3
Bh6 9. Qd2 Bxe3 10. Qxe3 Nf6 11. O-O-O O-O 12. exf5 Nxf5 13. Qg5 c5 14. Ng3 Kh8
15. Bd3 a6 16. Nxf5 gxf5 17. Qd2 Bd7 18. Qc2 Qc8 19. Rdf1 b5 20. g4 fxg4 21.
fxg4 Nxg4 22. Qe2 bxc4 23. Bc2 Qd8 24. Qe4 Qe7 25. Rhg1 Nh6 26. Qxc4 Nf5 27.
Qe2 Nd4 28. Rxf8+ Qxf8 29. Qh5 Qf4+ 30. Kb1 Nxc2 31. Kxc2 Bf5+ 32. Kd1 Qd4+ 0-1

[Event "Mechanics' Winter TNM; G/2 d5"]
[Site "San Francisco"]
[Date "2018.02.20"]
[Round "7.12"]
[White "Askin, David Benjamin"]
[Black "Clemens, Kristian"]
[Result "1-0"]
[WhiteElo "1983"]
[BlackElo "1917"]
[PlyCount "49"]
[EventDate "2018.??.??"]
[Source "ChessBase"]
[SourceDate "2007.09.04"]

1. d4 d5 2. Nf3 Nf6 3. c4 e6 4. Nc3 Nbd7 5. Bg5 Be7 6. e3 O-O 7. Rc1 c6 8. Bd3
dxc4 9. Bxc4 Nd5 10. h4 h6 11. Bxe7 Qxe7 12. g4 Nxc3 13. bxc3 e5 14. g5 exd4
15. cxd4 Nb6 16. gxh6 gxh6 17. Rg1+ Kh8 18. Ne5 Nxc4 19. Qh5 Qb4+ 20. Ke2 Qd6
21. Nxf7+ Rxf7 22. Qxf7 Bg4+ 23. Rxg4 Qf8 24. Qxf8+ Rxf8 25. Rxc4 1-0

[Event "Mechanics' Summer TNM; G/2 d5"]
[Site "San Francisco"]
[Date "2018.07.10"]
[Round "7.11"]
[White "Askin, David Benjamin"]
[Black "Pane, Gianluca"]
[Result "1-0"]
[WhiteElo "1960"]
[BlackElo "1847"]
[PlyCount "59"]
[EventDate "2018.??.??"]
[Source "ChessBase"]
[SourceDate "2007.09.04"]

1. d4 d5 2. Nf3 Nf6 3. c4 c6 4. Nc3 dxc4 5. a4 Bf5 6. e3 e6 7. Bxc4 Bb4 8. O-O
O-O 9. Nh4 Bg4 10. Qb3 a5 11. f4 c5 12. Na2 Nc6 13. Nxb4 Nxb4 14. Nf3 Rc8 15.
Bb5 Bxf3 16. Rxf3 cxd4 17. Bd2 Nc2 18. Rc1 Nxe3 19. Bxe3 dxe3 20. Qxe3 Rxc1+
21. Qxc1 Ng4 22. h3 Qd4+ 23. Kh1 Nf2+ 24. Kh2 Rd8 25. Qe1 Ne4 26. Rd3 Qxd3 27.
Bxd3 Rxd3 28. Qxe4 Rd5 29. Qc4 Kf8 30. Qc8+ 1-0

[Event "Mechanics' Winter TNM; G/2 d5"]
[Site "San Francisco"]
[Date "2018.02.06"]
[Round "5.14"]
[White "Askin, David Benjamin"]
[Black "Robeal, Rafik"]
[Result "1-0"]
[WhiteElo "1983"]
[BlackElo "1682"]
[Annotator "Donaldson"]
[PlyCount "25"]
[EventDate "2018.??.??"]
[Source "ChessBase"]
[SourceDate "2007.09.04"]

1. d4 d5 2. Nf3 Bf5 3. c4 c6 4. Nc3 Nf6 5. cxd5 cxd5 (5... Nxd5 6. e3 $14) 6.
Qb3 Bc8 (6... Qb6 7. Nxd5 Qxb3 8. Nxf6+ exf6 9. axb3 Bc2 10. e3 Bxb3 11. Bb5+
$16) (6... b6 7. Bg5 e6 8. e4 dxe4 9. Bb5+ Nbd7 10. Ne5 $18) 7. Bf4 (7. Bg5
Nbd7 (7... e6 8. e3) 8. Rc1 (8. Nxd5) 8... a6 9. Nxd5) 7... a6 8. Rc1 e6 9. Na4
(9. e3 Be7 10. Bd3 O-O 11. O-O Nc6 12. h3) 9... Nc6 10. Nb6 $2 {Diagram [#]}
Na5 $2 (10... Bb4+ 11. Bd2 Qxb6 $19) 11. Qa4+ Nd7 12. Nxa8 b5 13. Nc7+ 1-0

[Event "Mechanics' Winter TNM; G/2 d5"]
[Site "San Francisco"]
[Date "2018.01.16"]
[Round "2.15"]
[White "Askin, David Benjamin"]
[Black "Sherwood, Peter"]
[Result "1-0"]
[WhiteElo "1983"]
[BlackElo "1651"]
[PlyCount "51"]
[EventDate "2018.??.??"]
[Source "ChessBase"]
[SourceDate "2007.09.04"]

1. d4 d5 2. Nf3 Nf6 3. c4 c6 4. Nc3 dxc4 5. a4 Bf5 6. e3 e6 7. Bxc4 Bb4 8. O-O
O-O 9. h3 Nbd7 10. Nh4 Bg6 11. Nxg6 hxg6 12. Qe2 Qa5 13. Bd2 Qh5 14. Qxh5 gxh5
15. Rfd1 Nb6 16. Be2 g6 17. a5 Nbd5 18. Bf3 Be7 19. Na4 Bb4 20. Nc3 Be7 21.
Rdc1 Rac8 22. Na4 Nd7 23. Rc2 Bd6 24. Rac1 Rc7 25. e4 Bf4 $4 26. exd5 1-0

[Event "Mechanics' Summer TNM; G/2 d5"]
[Site "San Francisco"]
[Date "2018.06.26"]
[Round "5.8"]
[White "Askin, David Benjamin"]
[Black "Thieme, Steffen"]
[Result "1-0"]
[WhiteElo "1960"]
[BlackElo "2085"]
[Annotator "Winslow,Elliott"]
[PlyCount "41"]
[EventDate "2018.??.??"]
[Source "ChessBase"]
[SourceDate "2007.09.04"]

1. d4 Nf6 2. c4 e6 3. Nf3 b6 4. g3 Bb7 5. Bg2 Bb4+ 6. Bd2 Qe7 7. O-O O-O (7...
Bxd2 {is a bit more consistent}) 8. Bf4 {(Scores very well)} (8. Bg5 {
(Scores even better!)}) 8... Bd6 9. Bg5 {(But both! Scores best of all!)} h6 {
[#]} 10. Bc1 $5 {
A new move, and in the Queen's Indian -- interestingly motivated!} c5 $2 11. d5
$1 exd5 12. Nh4 {(Korchnoi? Alpha-Zero?)} Nc6 $2 13. cxd5 Nd4 14. e3 Nb5 15. a4
g5 $4 (15... Nc7 16. Nf5 Qe5 17. e4) 16. Nf5 Qe5 17. Nxh6+ Kg7 18. f4 gxf4 19.
gxf4 Qe8 20. Nf5+ Kg6 21. Qc2 {
A upset by ratings, yes, but more so quite a rout.} 1-0

[Event "Mechanics' Spring TNM; G/2 d5"]
[Site "San Francisco"]
[Date "2018.04.10"]
[Round "4.35"]
[White "Askin, Michael"]
[Black "Capdeville, Barry"]
[Result "1-0"]
[WhiteElo "2024"]
[BlackElo "1173"]
[Annotator "Donaldson"]
[PlyCount "37"]
[EventDate "2018.??.??"]
[Source "ChessBase"]
[SourceDate "2007.09.04"]

1. d4 d5 2. c4 e6 3. Nf3 Nf6 4. g3 Be7 5. Bg2 O-O 6. O-O b6 7. Nc3 Bb7 8. Ne5
Nbd7 (8... Na6) 9. cxd5 Nxe5 10. dxe5 (10. d6 $1 Nc6 11. dxe7 Qxe7 $14) 10...
Nxd5 11. Nxd5 exd5 12. f4 f5 (12... f6) 13. Qb3 c6 14. e4 Bc8 $4 (14... fxe4
15. Bxe4 Bc5+ 16. Kh1 Bc8 $11) 15. exd5 Kh8 16. d6 Bxd6 17. exd6 Qxd6 18. Rd1
Qf6 19. Qc3 1-0

[Event "Mechanics' Summer TNM; G/2 d5"]
[Site "San Francisco"]
[Date "2018.07.03"]
[Round "6.1"]
[White "Askin, Michael"]
[Black "Chambers, Ezra Paul"]
[Result "0-1"]
[WhiteElo "1982"]
[BlackElo "2273"]
[Annotator "Winslow,Elliott"]
[PlyCount "60"]
[EventDate "2018.??.??"]
[Source "ChessBase"]
[SourceDate "2007.09.04"]

1. d4 d5 2. c4 c6 3. Nf3 Nf6 4. g3 {I thought I'd seen this before in the TNM,
and it's Tsodikova who's played it five times.} Bg4 (4... Bf5 {played the most.
}) (4... dxc4 {scores the best.}) 5. Ne5 (5. Bg2) 5... Be6 (5... Bf5) 6. Qb3
Qb6 7. c5 Qxb3 (7... Qc7 8. Nc3 Nbd7 9. Nd3 Bf5 10. Bf4 Qc8 11. e3 g6 12. f3
Bg7 13. g4 Bxd3 14. Bxd3 e5 15. Bg3 h5 $15 {
0-1 (40) Jirka,J (2411)-Murdzia,P (2471) Czechia 2012}) 8. axb3 Nbd7 9. Nf3 g6
10. Bf4 Bg7 11. Nbd2 {
Hard to justify unless he's given up on getting in b3-b4-b5.} h6 12. h4 Ne4 13.
Ra4 (13. b4) 13... O-O (13... Bf5) (13... a6) (13... Nxd2 14. Bxd2 Bf5) (13...
f6) 14. Bg2 (14. b4) 14... Nxd2 15. Kxd2 Bg4 (15... f6 $1) 16. Ne5 Nxe5 17.
Bxe5 $6 (17. dxe5 Bf5 18. Rb4 b6 19. cxb6 axb6 20. Rc1 Ra2 21. Rxc6 $11) 17...
f6 18. Bf4 (18. Bc7) 18... Rf7 (18... Bf5) 19. Be3 h5 $15 20. Rha1 (20. f3 Bc8)
20... a6 21. Re1 e5 22. Kc3 $6 (22. Raa1) (22. f3) 22... Re8 23. f3 Bc8 24.
Raa1 $6 (24. Kd3) (24. Kd2) (24. Kc2) 24... f5 $19 25. dxe5 Bxe5+ 26. Bd4 Bxg3
27. Rg1 Bxh4 28. Bh3 Kh7 29. Rg2 Bf6 30. Rag1 $6 Re3+ 0-1

[Event "Mechanics' Spring TNM; G/2 d5"]
[Site "San Francisco"]
[Date "2018.03.20"]
[Round "1.11"]
[White "Askin, Michael"]
[Black "Giridharan, Durgashankar"]
[Result "1/2-1/2"]
[WhiteElo "2024"]
[BlackElo "1489"]
[PlyCount "66"]
[EventDate "2018.??.??"]
[Source "ChessBase"]
[SourceDate "2007.09.04"]

1. d4 Nf6 2. c4 e6 3. Nf3 d5 4. g3 c6 5. Bg2 Be7 6. O-O O-O 7. Qc2 h6 8. Nbd2
Nbd7 9. e4 dxe4 10. Nxe4 e5 11. dxe5 Ng4 12. Re1 Ngxe5 13. Nxe5 Nxe5 14. Bf4
Ng6 15. Rad1 Qa5 16. Bd6 Be6 17. Nc5 Bxd6 18. Nxe6 Bb4 19. Nxf8 Bxe1 20. Nxg6
fxg6 21. Qe4 Bd2 22. Qxg6 Rd8 23. Be4 Qg5 24. Qh7+ Kf8 25. b4 Ke7 26. b5 Bc3
27. Rxd8 Kxd8 28. Qg8+ Kc7 29. bxc6 bxc6 30. Qa8 Qc5 31. Qg8 Bf6 32. Qf7+ Qe7
33. Qxe7+ Bxe7 1/2-1/2

[Event "Mechanics' Bedjanian TNM; G/2 d/5"]
[Site "San Francisco"]
[Date "2018.11.20"]
[Round "5.10"]
[White "Askin, Michael"]
[Black "Hakobyan, Sos"]
[Result "1-0"]
[WhiteElo "1979"]
[BlackElo "1855"]
[Annotator "Winslow,Elliott"]
[PlyCount "43"]
[EventDate "2018.??.??"]
[Source "ChessBase"]
[SourceDate "2007.09.04"]

1. d4 Nf6 2. Nf3 c5 3. g3 ({Everybody has seen} 3. Bf4 $6 cxd4 4. Nxd4 $4 e5 {
by now?}) 3... cxd4 4. Nxd4 d5 5. Bg2 e5 6. Nb3 a5 7. O-O Be6 (7... a4 8. N3d2
Bc5 (8... Nc6)) 8. Bg5 Be7 $6 (8... Nbd7) 9. Nc3 (9. Bxf6 gxf6 10. a4 h5) 9...
Nbd7 (9... a4 $1) 10. e4 $6 (10. f4) 10... d4 11. Nd5 Bxd5 (11... a4) 12. exd5
h6 $6 (12... Nxd5) 13. Bxf6 Nxf6 (13... Bxf6) 14. Qe2 a4 15. Nd2 Nd7 16. Nf3
Qc7 (16... a3 $14) 17. Rfe1 f6 $6 {[#]} (17... Bc5 18. Nxe5 O-O $16) 18. Nxd4
$1 Kf7 $6 19. d6 $1 Qxd6 20. Qc4+ Ke8 21. Nb5 Qc5 22. Nc7+ 1-0

[Event "Mechanics' Bedjanian TNM; G/2 d/5"]
[Site "San Francisco"]
[Date "2018.10.30"]
[Round "2.23"]
[White "Askin, Michael"]
[Black "Harris, Clarence"]
[Result "1-0"]
[WhiteElo "1979"]
[BlackElo "1400"]
[PlyCount "45"]
[EventDate "2018.??.??"]
[Source "ChessBase"]
[SourceDate "2007.09.04"]

1. d4 Nf6 2. Nf3 d6 3. Nc3 Bg4 4. e4 Nc6 5. Be3 a6 6. h3 Bxf3 7. Qxf3 e5 8.
dxe5 Nxe5 9. Qg3 c5 10. O-O-O Be7 11. Qxg7 Rg8 12. Qh6 Ng6 13. Bd2 b5 14. Qe3
Ne5 15. f4 Nc4 16. Bxc4 bxc4 17. Qe2 d5 18. e5 Ne4 19. Nxe4 dxe4 20. Qxe4 Rb8
21. Rhe1 Qb6 22. Bc3 Rg3 23. Re3 1-0

[Event "Mechanics' Summer TNM; G/2 d/5"]
[Site "San Francisco"]
[Date "2018.06.12"]
[Round "3.10"]
[White "Askin, Michael"]
[Black "Harris, John"]
[Result "1-0"]
[WhiteElo "1982"]
[BlackElo "1746"]
[Annotator "Winslow,Elliott"]
[PlyCount "35"]
[EventDate "2018.??.??"]
[Source "ChessBase"]
[SourceDate "2007.09.04"]

1. d4 d5 2. c4 dxc4 3. Nf3 c5 4. d5 Nf6 5. Nc3 e6 6. e4 b5 $2 (6... exd5 7. e5
Ne4 8. Qxd5 Nxc3 9. Qxd8+ Kxd8 10. bxc3 Nc6 11. Bxc4 Be6 {
just doesn't lead to much of anything}) 7. Nxb5 $16 ({We can't overlook} 7. Bg5
{going 6-0, including a short win by Miles.}) 7... Qa5+ 8. Nc3 Nxe4 9. Bd2 Nxd2
10. Qxd2 Be7 11. Bxc4 O-O $6 (11... Ba6 {four games, even score but} 12. Bb3
O-O 13. dxe6 Nc6 14. Nd5 $16 {
1-0 (33) Malakhatko,V (2594)-Holst,C (2124) Copenhagen 2006}) 12. O-O Rd8 $6
13. Qe2 Ba6 14. dxe6 Bxc4 15. Qxc4 f6 16. Qe4 Na6 (16... Qb6 17. Nd5) 17. Nd5
Kf8 18. Qxh7 {(and mate)} 1-0

[Event "Mechanics' Bedjanian TNM; G/2 d/5"]
[Site "San Francisco"]
[Date "2018.12.18"]
[Round "9.8"]
[White "Askin, Michael"]
[Black "Harris, John"]
[Result "1-0"]
[WhiteElo "1979"]
[BlackElo "1800"]
[Annotator "Winslow,Elliott"]
[PlyCount "69"]
[EventDate "2018.??.??"]
[Source "ChessBase"]
[SourceDate "2007.09.04"]

1. d4 Nf6 2. Nf3 e6 3. c4 d5 4. g3 c6 {On the rare side. You'd think it might
happen more often, egged on by the Chelyabinsk players...} (4... Be7) (4...
dxc4) (4... Bb4+) 5. Bg2 b5 {Very rare!} 6. b3 (6. cxd5 cxd5 7. O-O Bb7 8. Bf4
Bd6 9. Ne5 {1-0 (24) Rajkovic,D (2490)-Samovojska,D (2260) Caorle 1982}) (6. c5
a5 7. O-O g6 8. Nbd2 Bg7 9. Qc2 O-O 10. e4 b4 11. Re1 a4 12. e5 {
1-0 (47) Espig,L-Bednarski,J Lublin 1975}) 6... Bb7 7. O-O Nbd7 8. Qc2 a6 9.
Nbd2 c5 $5 (9... dxc4 10. bxc4 c5) 10. Ne5 $6 (10. cxd5 Nxd5 11. Bb2 Rc8) 10...
cxd4 {Black is doing well} 11. Nxd7 Qxd7 12. c5 a5 $6 (12... Qc7) 13. Bb2 Qc7
14. Rac1 Rc8 15. b4 axb4 16. Nb3 $6 (16. Bxd4 e5 17. Bb2 {/\Qf5}) 16... Bc6 17.
Bxd4 e5 (17... h5 $5) 18. Ba1 d4 19. Bh3 $2 (19. Bxc6+ Qxc6 20. e3) 19... Ra8 (
19... h5 $1 20. Bxc8 Qxc8 21. f3 h4 $17) 20. e3 Be4 21. Qd2 d3 22. Qxb4 Bc6 23.
Bxe5 $4 (23. f4 $16) 23... Qxe5 24. Nd4 Qe4 $4 (24... Bd7 $17) 25. Nxc6 Qxc6
26. Bg2 Nd5 27. Qe4+ $18 (27. Qd4) 27... Qe6 28. Qxd5 Qxd5 29. Bxd5 Rc8 30. c6
Bb4 31. Rfd1 d2 32. Rb1 Bc3 33. Rb3 Ba5 34. Rxb5 Bc3 35. c7 $6 {White is still
winning, and went on to do so, with seconds remaining for many moves in a
scramble.} 1-0

[Event "Mechanics' Summer TNM; G/2 d5"]
[Site "San Francisco"]
[Date "2018.06.26"]
[Round "5.2"]
[White "Askin, Michael"]
[Black "Maser, Thomas F"]
[Result "1-0"]
[WhiteElo "1982"]
[BlackElo "1900"]
[PlyCount "52"]
[EventDate "2018.??.??"]
[Source "ChessBase"]
[SourceDate "2007.09.04"]

1. d4 Nf6 2. Nf3 c5 3. g3 cxd4 4. Nxd4 Nc6 5. Bg2 e5 6. Nb3 d5 7. O-O Be7 8.
Nc3 Be6 9. Bg5 e4 10. f3 exf3 11. Bxf3 Qb6+ 12. Kh1 Rd8 13. a4 Ne4 14. Bxe7
Nxe7 15. a5 Qe3 16. Qd4 Nf5 17. Qa4+ Bd7 18. Qb4 Nf2+ 19. Kg2 Nh4+ 20. gxh4
Bh3+ 21. Kg3 Bxf1 22. Rxf1 d4 23. Nd1 Nxd1 24. Rxd1 Qe5+ 25. Kg2 Rd6 26. Rxd4
Rg6+ 1-0

[Event "Mechanics' Bedjanian TNM; G/2 d/5"]
[Site "San Francisco"]
[Date "2018.11.27"]
[Round "6.5"]
[White "Askin, Michael"]
[Black "Vickers, Keith"]
[Result "1-0"]
[WhiteElo "1979"]
[BlackElo "2200"]
[Annotator "Winslow,Elliott"]
[PlyCount "77"]
[EventDate "2018.??.??"]
[Source "ChessBase"]
[SourceDate "2007.09.04"]

1. Nf3 d5 (1... f5 2. e4 $5) 2. g3 e6 3. Bg2 Bd6 4. O-O c6 5. d3 Nf6 6. Nbd2
O-O 7. e4 dxe4 8. dxe4 Be7 9. e5 Nfd7 10. a4 a5 11. Qe2 Qc7 12. Re1 Na6 13. h4
Rd8 14. Nc4 b6 15. Bf4 Nb4 16. Ng5 Nd5 {[#]} 17. Bxd5 $2 (17. Qh5 $1 Bxg5 (
17... Nf8 18. Qxf7+ Kh8 19. Nd6) 18. hxg5 $16) (17. Nd6 $1 {
competes, surprisingly, for "best move" and comes close:} Nxf4 18. gxf4 Bxd6
19. exd6 Qxd6 20. Qh5 Nf6 21. Qxf7+ Kh8 22. f5 e5 (22... exf5 23. Re7 Rg8 24.
Qb3 Qxe7 25. Nf7+) 23. Qb3 Rf8 24. Nf7+ Rxf7 ({on} 24... Kg8 {
you'd love to have smothered mate -- but just take the queen.}) 25. Qxf7 Bxf5
26. Rad1 $18) 17... cxd5 18. Nd6 Bxd6 $4 (18... Rf8 {
when White does have *something*, but it's just not the same...}) 19. exd6 {
Yes, pretty good, winning even.} ({But} 19. Nxe6 $3 {is even better.}) 19...
Qa7 {[#]} 20. Nxf7 $1 Re8 21. Ne5 (21. Ng5) 21... Nxe5 22. Bxe5 Rf8 23. Ra3 {
Rook lift! Officially there are no open files, and bishops of opposite colors,
but White's rooks have c3 and then c7...} Bd7 24. Qg4 Rf7 25. Rc3 Rc8 26. Rxc8+
Bxc8 27. Re3 {*Another* one?} Qd7 28. Rc3 Qe8 29. h5 Bd7 (29... h6 30. b3 Bd7 (
30... Rd7 31. Qg6 $1 Qf8 32. Qxe6+) 31. Rc7 {and something gives shortly after.
}) 30. h6 g6 31. b3 (31. Rc7 $142) 31... Qf8 32. Rc7 Rxf2 $5 {[#]} (32... Bc8
33. Qh4 Rxc7 (33... Rxf2 34. Rg7+) 34. dxc7) 33. Bf4 $1 (33. Rxd7 $4 Rf1+ 34.
Kg2 Qf2+ 35. Kh3 Rh1#) 33... Qf6 34. Rxd7 (34. Kxf2) 34... Rxc2 35. Qd1 Qb2 36.
Rg7+ Kf8 (36... Kh8 37. g4 (37. Qxc2)) 37. Qf1 Ke8 38. d7+ Kd8 39. Bg5+ (39.
Bc7+ {one move faster!}) 1-0

[Event "Mechanics' Winter TNM; G/2 d5"]
[Site "San Francisco"]
[Date "2018.01.30"]
[Round "4.11"]
[White "Askin, Michael Christopher"]
[Black "Newey, Richard"]
[Result "1-0"]
[WhiteElo "2019"]
[BlackElo "1729"]
[PlyCount "39"]
[EventDate "2018.??.??"]
[Source "ChessBase"]
[SourceDate "2007.09.04"]

1. d4 d5 2. c4 e6 3. Nf3 Nf6 4. g3 a6 5. Bg2 Nbd7 6. O-O Bd6 7. Nfd2 O-O 8. Nc3
c6 9. e4 dxe4 10. Ndxe4 Nxe4 11. Nxe4 Be7 12. Be3 Nf6 13. Nc3 Bd7 14. Qb3 Qc8
15. Rac1 Bd6 16. d5 e5 17. c5 Bb8 18. Na4 Ba7 19. Nb6 Bxb6 20. cxb6 1-0

[Event "Mechanics' Winter TNM; G/2 d5"]
[Site "San Francisco"]
[Date "2018.01.09"]
[Round "1.13"]
[White "Askin, Michael Christopher"]
[Black "Ross, Max"]
[Result "1/2-1/2"]
[WhiteElo "2019"]
[BlackElo "1452"]
[Annotator "Donaldson"]
[PlyCount "96"]
[EventDate "2018.??.??"]
[Source "ChessBase"]
[SourceDate "2007.09.04"]

{This was the only draw in the round!} 1. d4 d5 2. c4 c6 3. Nf3 Bf5 4. Nc3 (4.
cxd5 $1 cxd5 5. Qb3 $1) 4... e6 5. Qb3 Qb6 6. c5 Qxb3 (6... Qc7 7. Bf4 $2 Qc8
8. Nh4 Bg6 9. Nxg6 hxg6 10. e4 $14) 7. axb3 Nd7 8. b4 Ne7 9. Bf4 a6 10. e3 Rc8
11. Be2 Ng6 12. Bg3 Be7 13. O-O f6 14. h4 O-O 15. h5 Nh8 16. Nh4 Bc2 17. f3 Nf7
18. Rfc1 Bb3 19. Ra3 Bc4 20. Bxc4 dxc4 21. e4 Nh6 22. Kh2 (22. d5) 22... f5 23.
Ne2 $2 (23. e5) 23... fxe4 24. fxe4 Ng4+ 25. Kg1 Bg5 26. Rd1 Be3+ (26... Ndf6)
27. Kh1 Ndf6 {Black is winning.} 28. Nf3 Nxe4 29. Re1 Rf5 30. Rxe3 Nxe3 31. Be5
Rxh5+ 32. Kg1 Ng4 (32... Nd5) 33. Nf4 Nxe5 34. dxe5 Ng3 35. Nxh5 (35. Kf2 Rh1
36. Kxg3 Rxe1 37. Nxe1 Rd8) 35... Nxh5 36. Re4 Rd8 37. Kf2 g6 38. Rxc4 Rd3 39.
Ng5 Ng7 40. Ne4 Rb3 41. Nd6 Rxb2+ 42. Kf3 Rb3+ 43. Kf4 Nh5+ 44. Ke4 Rg3 45.
Nxb7 Rxg2 46. Nd8 Rg4+ 47. Kd3 Rxc4 48. Kxc4 g5 1/2-1/2

[Event "Mechanics' Winter TNM; G/2 d5"]
[Site "San Francisco"]
[Date "2018.02.27"]
[Round "8.8"]
[White "Askin, Michael Christopher"]
[Black "Steger, Eric"]
[Result "1/2-1/2"]
[WhiteElo "2019"]
[BlackElo "1916"]
[PlyCount "73"]
[EventDate "2018.??.??"]
[Source "ChessBase"]
[SourceDate "2007.09.04"]

1. d4 d6 2. e4 Nf6 3. Nc3 g6 4. Be3 Bg7 5. Qd2 c6 6. Bh6 Bxh6 7. Qxh6 Qa5 8.
Bd3 Nbd7 9. Nf3 Qh5 10. Qd2 Qa5 11. O-O O-O 12. h3 e5 13. Qg5 Nh5 14. Qe7 exd4
15. Ne2 Ne5 16. Nexd4 Nf4 17. Nxe5 Qxe5 18. Qxe5 dxe5 19. Nf3 Nxd3 20. cxd3 f6
21. d4 exd4 22. Nxd4 Re8 23. Rfe1 Be6 24. Nxe6 Rxe6 25. Rad1 Kf7 26. Rd7+ Re7
27. Red1 Rae8 28. f4 Rxd7 29. Rxd7+ Re7 30. Rxe7+ Kxe7 31. Kf2 c5 32. Ke3 b5
33. Kd3 Kd6 34. g4 h6 35. Ke3 Ke6 36. Kd3 Kd6 37. Ke3 1/2-1/2

[Event "Mechanics' Winter TNM; G/2 d5"]
[Site "San Francisco"]
[Date "2018.02.13"]
[Round "6.6"]
[White "Askin, Michael Christopher"]
[Black "Thornally, Frank"]
[Result "1-0"]
[WhiteElo "2019"]
[BlackElo "2200"]
[Annotator "Donaldson"]
[PlyCount "71"]
[EventDate "2018.??.??"]
[Source "ChessBase"]
[SourceDate "2007.09.04"]

1. d4 d5 2. c4 e6 3. Nf3 Nf6 4. g3 dxc4 5. Bg2 a6 6. O-O Nc6 7. e3 Bd7 8. Nfd2
Na5 9. b3 cxb3 10. axb3 Bb4 11. Rxa5 Bxa5 12. Ba3 Bb5 13. Nc4 Bxc4 14. bxc4 c6
15. Qa4 Nd7 16. d5 b5 17. cxb5 axb5 18. Qg4 exd5 19. Qxg7 Qf6 20. Qg4 h5 21.
Qe2 Qe6 22. Rd1 Bd8 23. Bb2 Bf6 24. Nc3 Nb6 25. Nxb5 cxb5 26. Qxb5+ Kf8 27. e4
dxe4 $2 (27... Rb8 $17) 28. Bxe4 $2 (28. Bh3) 28... Rb8 $1 $19 29. Ba3+ Kg7 30.
Rd6 Qxe4 31. Rxf6 {Diagram [#]} Nd7 $4 {The right idea, the wrong square.} (
31... Nd5 {wins.}) 32. Qg5+ Qg6 33. Rxg6+ fxg6 34. Qe7+ Kg8 35. Qxd7 Rb1+ 36.
Kg2 1-0